000 00714cab a2200241 4500
001 ABS55613
008 090401t1996 xxu||||| |||| 00| 0 eng d
035 _a(Sirsi) u17574
041 _aeng
100 _aBrown, P.
245 4 _aThe Lands Tribunal Rules 1996
260 _c1996
350 _a0
490 _aInstitute of Revenues Rating and Valuation Journal
_v(6) July 1996, 154-155(2)
520 _aOutlines the changes to the Lands Tribunal rules and fees for rating appeals and compensation references.
650 _aFEES
650 _aLANDS TRIBUNAL RULES 1996
650 _aLANDS TRIBUNAL
650 _aRATING APPEALS
690 _aRATING AND VALUATION
942 _n0
948 _c04/03/1997
999 _c11652
_d11652